MARC details
| 000 -LEADER |
| campo de control de longitud fija |
01184nam a2200301 i 4500 |
| 001 - NÚMERO DE CONTROL |
| campo de control |
179683 |
| 003 - IDENTIFICADOR DE NÚMERO DE CONTROL |
| campo de control |
ES-MaACL |
| 005 - FECHA Y HORA DE LA ÚLTIMA TRANSACCIÓN |
| campo de control |
20251003152517.0 |
| 008 - DATOS DE LONGITUD FIJA--INFORMACIÓN GENERAL |
| campo de control de longitud fija |
120111s2010 ep a | |||||||| | spa d |
| 020 ## - NÚMERO INTERNACIONAL ESTÁNDAR DEL LIBRO |
| Número Internacional Estándar del Libro |
978-84-8489-514-5 (Iberamericana) |
| 020 ## - NÚMERO INTERNACIONAL ESTÁNDAR DEL LIBRO |
| Número Internacional Estándar del Libro |
978-3-86527-564-6 (Vervuert) |
| 080 ## - NÚMERO DE LA CLASIFICACIÓN DECIMAL UNIVERSAL |
| Número de la Clasificación Decimal Universal |
929 Lluch Garín, Felipe |
| 080 ## - NÚMERO DE LA CLASIFICACIÓN DECIMAL UNIVERSAL |
| Número de la Clasificación Decimal Universal |
792(460)"19" |
| 080 ## - NÚMERO DE LA CLASIFICACIÓN DECIMAL UNIVERSAL |
| Número de la Clasificación Decimal Universal |
7:32(460)"19" |
| 100 1# - ENTRADA PRINCIPAL--NOMBRE DE PERSONA |
| Nombre de persona |
García Ruiz, Víctor. |
| 9 (RLIN) |
55244 |
| 245 10 - MENCIÓN DEL TÍTULO |
| Título |
Teatro y fascismo en España : |
| Resto del título |
el itinerario de Felipe Lluch / |
| Mención de responsabilidad, etc. |
Víctor García Ruiz. |
| 260 ## - PUBLICACIÓN, DISTRIBUCIÓN, ETC. |
| Lugar de publicación, distribución, etc. |
Madrid : |
| Nombre del editor, distribuidor, etc. |
Iberoamericana ; |
| Lugar de publicación, distribución, etc. |
Frankfurt am Main : |
| Nombre del editor, distribuidor, etc. |
Vervuert, |
| Fecha de publicación, distribución, etc. |
D.L. 2010. |
| 300 ## - DESCRIPCIÓN FÍSICA |
| Extensión |
412 p. : |
| Otras características físicas |
il. ; |
| Dimensiones |
23 cm. |
| 490 1# - MENCIÓN DE SERIE |
| Mención de serie |
La casa de la riqueza : estudios de cultura de España ; |
| Designación de volumen o secuencia |
17 |
| 504 ## - NOTA DE BIBLIOGRAFÍA, ETC. |
| Nota de bibliografía, etc. |
Bibliografía: p. [381]-400. Índice. |
| 600 17 - PUNTO DE ACCESO ADICIONAL DE MATERIA--NOMBRE DE PERSONA |
| Nombre de persona |
Lluch Garín, Felipe, |
| Fechas asociadas al nombre |
1906-1941 |
| Fuente del encabezamiento o término |
|
| 9 (RLIN) |
148968 |
| 650 04 - PUNTO DE ACCESO ADICIONAL DE MATERIA--TÉRMINO DE MATERIA |
| Término de materia o nombre geográfico como elemento de entrada |
Teatro- |
| Subdivisión geográfica |
España- |
| Subdivisión cronológica |
S.XX. |
| 9 (RLIN) |
17307 |
| 650 #7 - PUNTO DE ACCESO ADICIONAL DE MATERIA--TÉRMINO DE MATERIA |
| Término de materia o nombre geográfico como elemento de entrada |
Arte y política- |
| Subdivisión geográfica |
España |
| 9 (RLIN) |
157049 |
| 830 0# - PUNTO DE ACCESO ADICIONAL DE SERIE-TÍTULO UNIFORME |
| Título uniforme |
La casa de la riqueza : estudios de cultura de España ; |
| Designación de volumen o secuencia |
17 |
| 9 (RLIN) |
188924 |
| 852 ## - LOCALIZACIÓN |
| Ubicación |
ES-MaACL |
| Número de control de estantería |
A-11884 |
| itemnumber |
186582 |
| Sublocalización o colección |
R.146690 |
| Ubicación en estantería |
Depósito 1 |
| Signatura antigua |
Olim: N-4889 |
| 942 ## - ELEMENTOS DE ENTRADA SECUNDARIOS (KOHA) |
| Fuente del sistema de clasificación o colocación |
Clasificación decimal universal |
| Tipo de ítem Koha |
Libro impreso |